| 000 -CABECERA |
| campo de control de longitud fija |
01322nam a22002177a 4500 |
| 003 - IDENTIFICADOR DEL NÚMERO DE CONTROL |
| campo de control |
OSt |
| 005 - FECHA Y HORA DE LA ÚLTIMA TRANSACCIÓN |
| campo de control |
20250512232620.0 |
| 008 - DATOS DE LONGITUD FIJA--INFORMACIÓN GENERAL |
| campo de control de longitud fija |
250512b ||||| |||| 00| 0 spa d |
| 020 ## - NÚMERO INTERNACIONAL ESTÁNDAR DEL LIBRO |
| Número Internacional Estándar del Libro |
9788412188851 |
| 040 ## - FUENTE DE LA CATALOGACIÓN |
| Centro/agencia transcriptor |
CO-Mq BPB |
| 041 ## - CÓDIGO DE LENGUA |
| Código de lengua del texto/banda sonora o título independiente |
spa |
| 082 ## - NÚMERO DE LA CLASIFICACIÓN DECIMAL DEWEY |
| Número de clasificación |
184.1 |
| Número de documento/Ítem |
P41o |
| 245 ## - MENCIÓN DE TÍTULO |
| Título |
Obras selectas de Platón |
| 264 ## - PRODUCCIÓN, PUBLICACIÓN, DISTRIBUCIÓN, FABRICACIÓN Y COPYRIGHT |
| Producción, publicación, distribución, fabricación y copyright |
Madrid, España; |
| Nombre del de productor, editor, distribuidor, fabricante |
Alba libros, |
| Fecha de producción, publicación, distribución, fabricación o copyright |
2021 |
| 300 ## - DESCRIPCIÓN FÍSICA |
| Extensión |
479 páginas |
| Otras características físicas |
Tapa dura |
| Dimensiones |
23 cm |
| 521 ## - NOTA DE PÚBLICO DESTINATARIO |
| Nota de público destinatario |
El ateniense Platón, 427 o 428-347 a.C. está considerado como el padre de la filosofía occidental. Creador de mitos de importancia capital, como el de la caverna, a él le debemos, también, conceptos tan fundamentales como los de Justicia, Verdad, Belleza o Bien. Su obra, siempre de perenne actualidad, nos presenta un relato en ocasiones irónico, siempre inteligente, con imágenes a menudo poéticas e incluso con sutiles toques de erotismo, sin que falten agudas e intrincadas disquisiciones que ponen a prueba la comprensión e inteligencia de los lectores sobre aspectos claves del pensamiento. <br/><br/>En este volumen presentamos una cuidada selección de sus mejores obras, imprescindibles para entender la evolución y el desarrollo del pensamiento humano a lo largo de los siglos. |
| 650 ## - PUNTO DE ACCESO ADICIONAL DE MATERIA--TÉRMINO DE MATERIA |
| Término de materia o nombre geográfico como elemento de entrada |
Filosofía |
| 650 ## - PUNTO DE ACCESO ADICIONAL DE MATERIA--TÉRMINO DE MATERIA |
| Término de materia o nombre geográfico como elemento de entrada |
Platonismo |
| 650 ## - PUNTO DE ACCESO ADICIONAL DE MATERIA--TÉRMINO DE MATERIA |
| Término de materia o nombre geográfico como elemento de entrada |
Filósofos Antiguos |
| 942 ## - ELEMENTOS DE PUNTO DE ACCESO ADICIONAL (KOHA) |
| Fuente del sistema de clasificación o colocación |
|
| Tipo de ítem Koha |
Libro |